Discrete mathematics and its applications Ed 8 (Record no. 240536)

MARC details
000 -LEADER
fixed length control field 01939nam a22002537a 4500
005 - DATE AND TIME OF LATEST TRANSACTION
control field 20251013143510.0
008 - FIXED-LENGTH DATA ELEMENTS--GENERAL INFORMATION
fixed length control field 251013b |||||||| |||| 00| 0 eng d
020 ## - INTERNATIONAL STANDARD BOOK NUMBER
International Standard Book Number 9789390727353
040 ## - CATALOGING SOURCE
Transcribing agency AL
082 ## - DEWEY DECIMAL CLASSIFICATION NUMBER
Classification number 511
Item number ROSD
100 ## - MAIN ENTRY--PERSONAL NAME
Personal name Kenneth H Rosen
100 ## - MAIN ENTRY--PERSONAL NAME
9 (RLIN) 242122
245 ## - TITLE STATEMENT
Title Discrete mathematics and its applications Ed 8
250 ## - EDITION STATEMENT
Edition statement 8
260 ## - PUBLICATION, DISTRIBUTION, ETC.
Place of publication, distribution, etc. Chennai
Name of publisher, distributor, etc. McGraw Hill Education (India) Private Ltd
Date of publication, distribution, etc. 2025
300 ## - PHYSICAL DESCRIPTION
Extent xxvi,1201p.
Other physical details PB
Dimensions 24x18cm
365 ## - TRADE PRICE
Source of price type code Computer Science and Engineering
Price type code ABDI/0818/25
Price amount 855.00
Currency code
Unit of pricing 1140.00
Price note 25%
Price effective from 03-10-2025
520 ## - SUMMARY, ETC.
Summary, etc. Discrete Mathematics And Its Applications (SIE) is a study of mathematical structures that are fundamentally discrete rather than continuous. Discrete objects can often be enumerated by integers, and more formally, deal with countable sets.<br/>This renowned, which has been used at over 600 institutions around the world, gives a focused introduction to the primary themes in a Discrete Mathematics course. It helps demonstrate the relevance and practicality of Discrete Mathematics to a wide variety of real-world applications. These application can be used in the fields of computer science, data networking, psychology, chemistry, engineering, linguistics, biology, business, and others. The 7th edition of Discrete Mathematics And Its Applications (SIE) was published by Tata McGraw-Hill Publishing Company in the year 2011. It is available in paperback.<br/>Key Features:<br/>It has a new chapter on algebraic structures in coding theory.<br/>There are added topics to this book such as validity problem and incompleteness theorem, exponential generating function, domain transformation, range transformation, platonic solid, cut set, and circle.
650 ## - SUBJECT ADDED ENTRY--TOPICAL TERM
Topical term or geographic name entry element Logic and Proofs
9 (RLIN) 242123
650 ## - SUBJECT ADDED ENTRY--TOPICAL TERM
Topical term or geographic name entry element Cryptography
9 (RLIN) 242124
650 ## - SUBJECT ADDED ENTRY--TOPICAL TERM
Topical term or geographic name entry element Boolean Algebra
9 (RLIN) 242125
650 ## - SUBJECT ADDED ENTRY--TOPICAL TERM
Topical term or geographic name entry element Modeling Computation
9 (RLIN) 242126
700 ## - ADDED ENTRY--PERSONAL NAME
Personal name Krithivasan, Kamala
9 (RLIN) 242127
942 ## - ADDED ENTRY ELEMENTS (KOHA)
Source of classification or shelving scheme Dewey Decimal Classification
Koha item type Book
Holdings
Withdrawn status Lost status Source of classification or shelving scheme Damaged status Not for loan Collection code Home library Current library Date acquired Source of acquisition Cost, normal purchase price Total Checkouts Full call number Barcode Date last seen Cost, replacement price Price effective from Koha item type
    Dewey Decimal Classification     Information Science and Engineering St Aloysius Engineering Library St Aloysius Engineering Library 10/03/2025 Academic Book Distributors, Bengaluru-562159 855.00   511 ROSD SE000038 10/13/2025 1140.00 10/13/2025 Book
    Dewey Decimal Classification     Information Science and Engineering St Aloysius Engineering Library St Aloysius Engineering Library 10/03/2025 Academic Book Distributors, Bengaluru-562159 855.00   511 ROSD SE000039 10/13/2025 1140.00 10/13/2025 Book
    Dewey Decimal Classification     Information Science and Engineering St Aloysius Engineering Library St Aloysius Engineering Library 10/03/2025 Academic Book Distributors, Bengaluru-562159 855.00   511 ROSD SE000040 10/13/2025 1140.00 10/13/2025 Book
    Dewey Decimal Classification     Information Science and Engineering St Aloysius Engineering Library St Aloysius Engineering Library 10/03/2025 Academic Book Distributors, Bengaluru-562159 855.00   511 ROSD SE000041 10/13/2025 1140.00 10/13/2025 Book
    Dewey Decimal Classification     Information Science and Engineering St Aloysius Engineering Library St Aloysius Engineering Library 10/03/2025 Academic Book Distributors, Bengaluru-562159 855.00   511 ROSD SE000042 10/13/2025 1140.00 10/13/2025 Book